000 01523nam a2200409 i 4500
001 71890
003 FlNmELB
005 20241217143334.0
006 m o d |
007 cr cnu||||||||
008 210430s1993 gw a o 000 0 ger d
020 _a9783964563415
_q(e-book)
020 _z9783893544530
035 _a(OCoLC)1252202676
040 _aFINmELB
_bspa
_erda
_cFINmELB
050 4 _aNX562.A1
_bS636 1993
080 _a7.037(46)
082 0 4 _a700.946
_223
245 0 0 _aSpanische Bilderwelten :
_bLiteratur, Kunst und Film im intermedialen Dialog : Akten der Sektion Bild und Text des Deutschen Hispanistentages, Göttingen 1991 /
_cChristoph Strosetzki, André Stoll (Hrsg.).
264 1 _aFrankfurt am Main :
_bVervuert,
_c1993.
300 _a1 recurso en línea (200 páginas) :
_bilustraciones
336 _atexto
_btxt
_2rdacontent/spa
337 _acomputadora
_bc
_2rdamedia/spa
338 _arecurso en línea
_bcr
_2rdacarrier/spa
490 1 _aStudia Hispanica ;
_v3
650 0 _aArts, Spanish
_y20th century
_vCongresses.
650 4 _aArte español
_yS.XX
_vCongresos y asambleas.
655 4 _aLibros electrónicos.
700 1 _aStrosetzki, Christoph,
_d1949-
700 1 _aStoll, André,
_d1941-
797 2 _aelibro, Corp.
830 0 _aStudia Hispanica ;
_v3.
856 4 0 _uhttps://elibro.net/ereader/politecnicointernacional/174363
999 _c71890
_d71890